000 00639nam a2200217 a 4500
001 3453170
005 20241212122519.0
008 920910s1993 iaua b 001 0 eng
020 _a0697051056 (case)
020 _a9780697165381
050 0 0 _aQH308.2
_b.V66 1993
082 0 0 _a574
_220
100 1 _aVolpe, E. Peter
_q(Erminio Peter)
245 1 0 _aBiology and human concerns /
_cE. Peter Volpe.
250 _a4th ed.
260 _aDubuque, Iowa :
_bW.C. Brown Publishers,
_cc1993.
300 _axxii, 611 p. :
_bill. (some col.) ;
_c29 cm.
650 0 _aBiology.
650 0 _aBiology
_xSocial aspects.
942 _2lcc
_cBK
_e4th ed.
_n0
999 _c2106
_d2106